Um olhar sobre Portimão (Registo nº 3430)

Detalhes MARC
000 -Etiqueta do registo
Cabeçalho 00946nam a22002891 4500
005 - Identificador da versão
Campo de controlo 20240813122001.0
021 ## - Número do Depósito Legal
Código do país PT
Número 115955/97
100 ## - Dados gerais de processamento
Dados gerais de processamento 19990704d1997 am y0pory5003 ba
102 ## - Pais de publicação ou produção
País de publicação Portugal
101 0# - Língua de publicação
Língua do texto, banda sonora, etc. Português
106 ## - Campo de dados codificados: material textual
Dados codificados do material textual r
105 ## - Campo de dados codificados: livros
Dados codificados dos livros c z 000yy
215 ## - Descrição física 
Indicação específica da natureza do documento e extensão da espécie 76 p.
Outras indicações físicas il.
Dimensões 28 cm
200 1# - Titulo e menção de responsabilidade
Título próprio Um olhar sobre Portimão
Primeira menção de responsabilidade textos de Maria da Graça Mateus Ventura, Luís Miguel Piscarreta
Outras menções de responsabilidade coord. Abílio do Carmo Lima
-- fotog. Carlos Estanislau
205 ## - Menção da edição
Menção da edição 1ª ed
210 ## - Publicação, Distribuição, etc. 
Lugar da edição, distribuição, etc. Portimão
Nome do editor, distribuidor, etc. Câmara Municipal de Portimão
Data da publicação, distribuição, etc. 1997
606 ## - Nome comum usado como assunto
Número de registo de entrada de autoridade 0001634
Palavra de ordem Monografias regionais
Subdivisão de assunto Fundo local
675 ## - Classificação Decimal Universal (CDU)
Notação 908
Edição
Língua da edição por
702 #1 - Nome de autor-pessoa física (responsabilidade secundária)
Número de registo de entrada de autoridade 0002745
Palavra de ordem Lima
Outra parte do nome não tomada para palavra de ordem Abílio do Carmo
Código de função Compilador
Número de registo de entrada de autoridade 0002746
Palavra de ordem Estanislau
Outra parte do nome não tomada para palavra de ordem Carlos
Código de função Fotógrafo
701 #1 - Nome de autor-pessoa física (co-responsabilidade principal)
Palavra de ordem Piscarreta
Outra parte do nome não tomada para palavra de ordem Luís Miguel
Código de função Autor / Co-autor
700 #1 - Nome de autor-pessoa física (responsabilidade principal)
Número de registo de entrada de autoridade 0002743
Palavra de ordem Ventura
Outra parte do nome não tomada para palavra de ordem Maria da Graça Mateus
942 ## - Elementos de entrada adicionados (Koha)
Tipo de item no Koha Livro
Exemplares
Situação do levantamento Origin of item (home branch) (coded) Biblioteca de empréstimo Código de barras Cota Circulation type (not for loan) Tipo de documento Nota do exemplar Damaged status
  Biblioteca Escolar da Coca Maravilhas Biblioteca Escolar da Coca Maravilhas BECM4332/99 9FL POR   Livro Sem mensagem